000 00796nam a2200241 a 4500
005 20140414093839.0
008 050103s19uu xx 00 eng d
020 _a0-521-62851-2
050 _aCD 420
_bNEW 2000 #2A
100 _aRichards, Jack C.
245 _aNew interchange :
_b2A /
_cJack C. Richards with Jonathan Hull and Susan Proctor.
260 _aCambridge, U.K. ; New York :
_bCambridge University,
_cc1998.
300 _aUnits 1-8 (approx. 34 min.)
440 _aNew Interchange
500 _aDDC428.24
520 _aStudent's audio CD 2A
650 _aEnglish language (audio file).
650 _aCommunication, International
_xProblems, exercises, etc.
700 _aHull, Jonathan, jt. aut.
700 _aProctor, Susan, jt. aut.
942 _cAVM
999 _c109175
_d109175